Classification statistique internationale des maladies et des problèmes de santé connexes: T2

Gardado en:
Detalles Bibliográficos
Formato: Libro
Idioma:Undetermined
Publicado: Genève OMS 1995
Những chủ đề:
Các nhãn: Engadir etiqueta
Sen Etiquetas, Sexa o primeiro en etiquetar este rexistro!
Thư viện lưu trữ: Trung tâm Học liệu Trường Đại học Cần Thơ
LEADER 00494nam a2200157Ia 4500
001 CTU_19798
008 210402s9999 xx 000 0 und d
082 |a 614.0212 
082 |b C573 
245 0 |a Classification statistique internationale des maladies et des problèmes de santé connexes: T2 
260 |a Genève 
260 |b OMS 
260 |c 1995 
650 |a medical research 
904 |i Nguyễn Quang Điền, 960601 
980 |a Trung tâm Học liệu Trường Đại học Cần Thơ